| 000 | 00645nam a2200181 i 4500 | ||
|---|---|---|---|
| 001 | 85113 | ||
| 003 | ES-MaACL | ||
| 005 | 20230906175201.0 | ||
| 007 | t| | ||
| 008 | 041125s1930 fr ||||1| fre d | ||
| 100 | 1 |
_aJoseph, Edouard. _966983 |
|
| 245 | 1 | 0 |
_aDictionnaire biographique des artistes contemporains 1910-1930 avec nombreux portraits, signatures et reproductions... / _cEdouard-Joseph. |
| 260 |
_aParis : _bArt et Edition, _c1930 ( _fBraun et C.) |
||
| 300 |
_a3 v. : _bil. ; _c25 cm. |
||
| 505 | 8 | _aContiene: T. 1. A. E -- T. 2 : F-Mac -- T. 3 : Mc-Z. | |
| 650 | 4 |
_aArtistas- _xBiografĂas. _9135632 |
|
| 852 |
_aES-MaACL _jA-2047-49 |
||
| 999 |
_c85113 _d85113 |
||